000 00676nam a2200193 i 4500
001 81921
003 ES-MaACL
005 20230906174533.0
007 t|
008 041108m19821983pr ||||1| spa d
080 _a929(729.5)(083.8)
110 2 _aAcademia Interamericana de Puerto Rico.
_9155144
245 1 0 _aÍndice biográfico
_b: breves apuntes para un diccionario de puertorriqueños distinguidos : (versión preliminar).
260 _a[San Juan, Puerto Rico] :
_bAcademia Interamericana de Puerto Rico,
_c1982-1983.
300 _a101 p. ;
_c29 cm.
500 _aEjemp. fotocopiado.
650 0 4 _aPuertorriqueños-
_xBiografías.
_916618
852 _aES-MaACL
_jL-6097
999 _c81921
_d81921